Copa Argentina - Top 4 - Estadísticas

Estadísticas generales
  • Esta prueba ha sido intentada 92 veces
    64 desde el último reinicio
  • La puntuación promedio es 21 de 30
Estadísticas de respuestas
% Correcto
River Plate
100%
Boca Juniors
97%
Racing Club
95%
San Lorenzo
95%
Estudiantes (BA)
92%
Estudiantes (LP)
92%
Rosario Central
92%
Independiente Rivadavia
90%
Vélez Sarsfield
90%
Argentinos Juniors
87%
Gimnasia y Esgrima (LP)
87%
Huracán
85%
Central Córdoba (SdE)
82%
Lanús
82%
Talleres (C)
82%
Arsenal
74%
Banfield
74%
Patronato
72%
Atlético Tucumán
69%
Belgrano
69%
Godoy Cruz
62%
Defensa y Justicia
59%
Colón
56%
Atlanta
51%
All Boys
28%
All Boys (SR)
28%
Temperley
26%
Deportivo Merlo
18%
Deportivo Morón
18%
Atlético Rafaela
8%
No se encontraron pruebas coincidentes
Distribución de puntuación
Porcentaje de gente con cada puntuación
Porcentaje por número respondido
Historial de tus puntuaciones
No has intentado esta prueba desde el último reinicio